| 000 | 01163nam a22003017a 4500 | ||
|---|---|---|---|
| 999 |
_c29527 _d29498 |
||
| 003 | EG-ScBUE | ||
| 005 | 20211003112009.0 | ||
| 008 | 210928s2006 ua f b 000 0 ara d | ||
| 017 | _a2006/4436 | ||
| 020 | _a9776163386 | ||
| 040 |
_aEG-ScBUE _bara _erda _cEG-ScBUE _dEG-ScBUE |
||
| 082 | 0 | 4 |
_a323.44 _bع ص ف _222 |
| 100 | 1 |
_aعصفور، جابر، _eمعد. _eمحرر. |
|
| 245 | 1 | 0 |
_aحرية التعبير / _cإعداد وتحرير جابر عصفور، محسن يوسف ؛ تقديم إسماعيل سراج الدين. |
| 264 | 1 |
_aالإسكندرية : _bمكتبة الإسكندرية، _c2006. |
|
| 300 |
_a170 صفحة ؛ _c26 سم |
||
| 336 |
_2rdacontent _aنص _btxt |
||
| 337 |
_2rdamedia _aبدون وسيط _bn |
||
| 338 |
_2rdacarrier _aمجلد _bnc |
||
| 504 | _aيشتمل على إرجاعات ببليوجرافية. | ||
| 541 |
_cDonation ; _aAlex. B. |
||
| 650 | 7 |
_aحرية التعبير. _2BUEsh |
|
| 653 | 7 |
_aBUEsh _bGGEN _cSeptember2021 |
|
| 655 | 7 |
_2BUEsh _vReading book _934232 |
|
| 700 | 1 |
_aسراج الدين، إسماعيل، _d1944- _eمقدم. |
|
| 700 | 1 |
_aيوسف، محسن، _eمعد. _eمحرر. |
|
| 942 | _2ddc | ||